[Event "Open Bosnjaci"]
[Site "Bosnjaci"]
[Date "2017.01.06"]
[Round "6.14"]
[White "Bogdanic, Katarina"]
[Black "Pavic, Filip"]
[Result "1/2-1/2"]
[WhiteElo "1909"]
[BlackElo "2269"]
[PlyCount "54"]
[EventDate "2017.??.??"]
[WhiteClock "1:30:00"]
[BlackClock "1:30:00"]

1. c4 c5 2. g3 Nc6 3. Bg2 g6 4. Nc3 Bg7 5. Nf3 d6 6. d3 Bf5 7. O-O Qd7 8. Qb3
Rb8 9. Bf4 Bh3 10. Bxh3 Qxh3 11. Ne4 h6 12. d4 g5 13. d5 gxf4 14. dxc6 Qc8 15.
cxb7 Rxb7 16. Qa4+ Qd7 17. Qxd7+ Kxd7 18. Rab1 fxg3 19. Nxg3 Bxb2 20. Rfd1 Kc7
21. Nf5 Bf6 22. Rxb7+ Kxb7 23. Nd2 h5 24. Ne4 Kc7 25. Rd3 Nh6 26. Nfxd6 exd6
27. Nxf6 Ng4 1/2-1/2

[Event "Open Bosnjaci"]
[Site "Bosnjaci"]
[Date "2017.01.06"]
[Round "6.15"]
[White "Rosic, Slavko S"]
[Black "Vukovic, Ivo"]
[Result "1-0"]
[WhiteElo "2239"]
[BlackElo "2043"]
[PlyCount "119"]
[EventDate "2017.??.??"]
[WhiteClock "1:30:00"]
[BlackClock "1:30:00"]

1. e4 d6 2. d4 Nf6 3. Nc3 c6 4. f4 Qa5 5. Bd2 e5 6. fxe5 dxe5 7. d5 a6 8. Nf3
Qc7 9. Qe2 h6 10. O-O-O c5 11. Qe1 Bd6 12. Qg3 Nh5 13. Qh4 Nf6 14. h3 Nbd7 15.
g4 Nf8 16. Qf2 b5 17. g5 hxg5 18. Nxg5 c4 19. Be2 b4 20. Nb1 c3 21. bxc3 bxc3
22. Bxc3 Ng6 23. Rd3 Nf4 24. Rf3 Rb8 25. Bd2 Bc5 26. Qf1 Qa7 27. Bc4 Rh5 28.
Rxf4 exf4 29. Qxf4 Rb4 30. Bb3 Qe7 31. Bxb4 Bxb4 32. h4 Bd6 33. Qf3 Qe5 34. Qc3
Qxc3 35. Nxc3 Bf4+ 36. Kb2 Bxg5 37. hxg5 Rxh1 38. gxf6 gxf6 39. Bc4 Re1 40. Bd3
Ke7 41. Kb3 Kd6 42. Kc4 Ra1 43. Kd4 Bb7 44. Kc4 Bc8 45. Kb4 Ke5 46. Kc5 a5 47.
d6 a4 48. Kc6 Rh1 49. d7 Bxd7+ 50. Kxd7 Kd4 51. Nb5+ Ke5 52. Ke7 Rh7 53. Nc3 a3
54. Nb5 f5 55. exf5 f6+ 56. Kd8 Kd5 57. Nxa3 Ra7 58. Nb5 Ra5 59. a3 Ke5 60. Kc7
1-0

[Event "Open Bosnjaci"]
[Site "Bosnjaci"]
[Date "2017.01.06"]
[Round "6.17"]
[White "Safar, Sandro"]
[Black "Plenkovic, Zdenko"]
[Result "0-1"]
[WhiteElo "1984"]
[BlackElo "2421"]
[PlyCount "74"]
[EventDate "2017.??.??"]
[WhiteClock "1:26:00"]
[BlackClock "1:30:00"]

1. e4 c5 2. Nc3 a6 3. a4 Nc6 4. f4 e6 5. Nf3 d5 6. d3 Nge7 7. g3 b6 8. Bg2 Bb7
9. O-O dxe4 10. dxe4 Nd4 11. Be3 Nec6 12. Ne2 Nxf3+ 13. Bxf3 Qc7 14. c3 Be7 15.
g4 Rd8 16. Qc2 e5 17. f5 O-O 18. g5 Rd6 19. Ng3 f6 20. g6 h6 21. Nh5 c4 22. Qf2
Na5 23. Qh4 Rd3 24. Nxg7 Bc5 25. Ne6 Bxe3+ 26. Kh1 Qe7 27. Nxf8 Qxf8 28. Rad1
Bg5 29. Qf2 Qd6 30. b4 Nb3 31. Rxd3 Qxd3 32. Kg2 Nd2 33. Re1 Bh4 34. Qxh4 Qxf3+
35. Kg1 Nxe4 36. h3 Bd5 37. Qg4 Qf2+ 0-1

[Event "Open Bosnjaci"]
[Site "Bosnjaci"]
[Date "2017.01.06"]
[Round "6.18"]
[White "Jelic, Ivan"]
[Black "Tomulic, Teo"]
[Result "0-1"]
[WhiteElo "1943"]
[BlackElo "2209"]
[PlyCount "98"]
[EventDate "2017.??.??"]
[WhiteClock "1:30:00"]
[BlackClock "1:30:00"]

1. e4 c5 2. Nf3 e6 3. d4 cxd4 4. Nxd4 Nc6 5. Nc3 Nf6 6. Bg5 Bb4 7. Ndb5 O-O 8.
a3 Bc5 9. b4 Be7 10. Nd6 a6 11. Qd2 Qc7 12. Rd1 Ne5 13. Na4 Qc6 14. Bxf6 gxf6
15. Nc5 b6 16. Nxc8 Raxc8 17. Bxa6 bxc5 18. Bxc8 Rxc8 19. O-O cxb4 20. axb4
Qxe4 21. c3 d5 22. Rb1 Kh8 23. Kh1 Nf3 24. Qd1 Rxc3 25. gxf3 Rxf3 26. Re1 Qf4
27. Ra1 Rh3 28. Ra8+ Kg7 29. Rg1+ Kh6 30. Rg3 Rxg3 31. fxg3 Qe4+ 32. Kg1 Bxb4
33. Ra4 Bc5+ 34. Kf1 Qh1+ 35. Ke2 Qxh2+ 36. Kd3 Qxg3+ 37. Kc2 f5 38. Qh1+ Kg7
39. Rh4 Qg6 40. Rh2 f4+ 41. Kb2 Qe4 42. Rg2+ Kf8 43. Qh6+ Ke7 44. Rg8 Qb4+ 45.
Kc2 Qc4+ 46. Kd1 Qd3+ 47. Ke1 Qb1+ 48. Ke2 Qc2+ 49. Kf3 Qd1+ 0-1

[Event "Open Bosnjaci"]
[Site "Bosnjaci"]
[Date "2017.01.06"]
[Round "6.19"]
[White "Obad, Damir"]
[Black "Berke, Ana"]
[Result "0-1"]
[WhiteElo "1931"]
[BlackElo "2195"]
[PlyCount "84"]
[EventDate "2017.??.??"]
[WhiteClock "1:30:00"]
[BlackClock "1:30:00"]

1. e4 c5 2. Nf3 d6 3. Bb5+ Nd7 4. O-O a6 5. Bxd7+ Bxd7 6. d4 cxd4 7. Nxd4 Nf6
8. Re1 g6 9. Nc3 Bg7 10. Nd5 O-O 11. Nxf6+ Bxf6 12. Be3 Rc8 13. c3 b5 14. a3
Rc4 15. Qd3 Qc7 16. Rad1 a5 17. Nc2 Rb8 18. Bd4 Bxd4 19. Nxd4 b4 20. axb4 axb4
21. e5 dxe5 22. Rxe5 bxc3 23. bxc3 Rxc3 24. Qe2 Rc1 25. Nf3 Rbb1 26. Rxc1 Qxc1+
27. Ne1 Bb5 28. Qe4 Bc6 29. Qe2 Bb5 30. Qe4 Bc6 31. Qe2 e6 32. h4 h5 33. Re3
Bb7 34. Kh2 Qc6 35. Rg3 Qc7 36. Nf3 Qf4 37. Qe5 Qc1 38. Rh3 Bd5 39. Kg3 Bxf3
40. Kxf3 Rb3+ 41. Ke4 f5+ 42. Kd4 Qb2+ 0-1

[Event "Open Bosnjaci"]
[Site "Bosnjaci"]
[Date "2017.01.06"]
[Round "6.20"]
[White "Blagojevic, Marijan"]
[Black "Scevic, Antun"]
[Result "1-0"]
[WhiteElo "2137"]
[BlackElo "1899"]
[PlyCount "41"]
[EventDate "2017.??.??"]
[WhiteClock "1:27:00"]
[BlackClock "1:30:00"]

1. d4 g6 2. c4 Bg7 3. e4 b6 4. Nc3 Bb7 5. Nf3 e6 6. Be3 Ne7 7. Qd2 O-O 8. h4 f6
9. Bd3 Nbc6 10. O-O-O Nb4 11. Bb1 c6 12. h5 Kf7 13. a3 Na6 14. e5 Nf5 15. hxg6+
hxg6 16. exf6 Bxf6 17. Ne5+ Bxe5 18. dxe5 Ke8 19. g4 Ne7 20. Ne4 Qc7 21. Nf6+
1-0

[Event "Open Bosnjaci"]
[Site "Bosnjaci"]
[Date "2017.01.07"]
[Round "7.1"]
[White "Tica, Sven"]
[Black "Jovanovic, Zoran"]
[Result "1/2-1/2"]
[WhiteElo "2352"]
[BlackElo "2526"]
[PlyCount "73"]
[EventDate "2017.??.??"]
[WhiteClock "1:30:00"]
[BlackClock "1:30:00"]

1. d4 d6 2. Nf3 g6 3. c4 Bg7 4. e4 Nf6 5. Nc3 O-O 6. Be2 Na6 7. O-O e5 8. d5
Nc5 9. Qc2 a5 10. Ne1 Nfd7 11. Be3 f5 12. f3 f4 13. Bf2 h5 14. b3 g5 15. a3 Rf6
16. Rb1 Rg6 17. b4 Na6 18. Qd1 Nf8 19. g4 fxg3 20. hxg3 Nh7 21. g4 axb4 22.
axb4 Nb8 23. Ng2 hxg4 24. fxg4 Nd7 25. Ne3 Rf6 26. Nf5 Ndf8 27. Ra1 Rxa1 28.
Qxa1 Ng6 29. Qa8 Rf8 30. Be3 Nf4 31. Qxc8 Qxc8 32. Ne7+ Kf7 33. Nxc8 Rxc8 34.
Ra1 Nf6 35. Ra7 Rb8 36. Bf3 Ke8 37. Ne2 1/2-1/2

[Event "Open Bosnjaci"]
[Site "Bosnjaci"]
[Date "2017.01.07"]
[Round "7.3"]
[White "Bobanac, Miro"]
[Black "Plenca, Jadranko"]
[Result "0-1"]
[WhiteElo "2279"]
[BlackElo "2424"]
[PlyCount "88"]
[EventDate "2017.??.??"]
[WhiteClock "1:30:00"]
[BlackClock "1:30:00"]

1. Nf3 d5 2. b3 Bg4 3. Bb2 Nd7 4. d4 e6 5. Nbd2 Ngf6 6. e3 c5 7. h3 Bxf3 8.
Qxf3 Qa5 9. a3 Ne4 10. Rd1 Nxd2 11. Rxd2 cxd4 12. b4 Qc7 13. Bxd4 a5 14. bxa5
Rxa5 15. Be2 Bxa3 16. O-O O-O 17. Rb1 Bd6 18. c4 Be5 19. Rdb2 Rb8 20. Bb6 Nxb6
21. Rxb6 Ra1 22. Rxa1 Qxb6 23. Rd1 dxc4 24. Bxc4 Qc5 25. Qe2 h5 26. Rb1 g6 27.
Bb5 Rc8 28. g3 Kg7 29. Bd3 Qc6 30. Bb5 Qc5 31. Bd3 Qd5 32. Qf1 Rc3 33. Rd1 Qc5
34. Rb1 Bxg3 35. Be4 Qg5 36. Bg2 Bh4 37. Rxb7 Rc2 38. Qa1+ e5 39. Rb2 Bxf2+ 40.
Kh1 Rxb2 41. Qxb2 Qxe3 42. Qb5 Bg3 43. Qb1 Qe1+ 44. Qxe1 Bxe1 0-1

[Event "Open Bosnjaci"]
[Site "Bosnjaci"]
[Date "2017.01.07"]
[Round "7.4"]
[White "Matko, Ognjen"]
[Black "Kovacevic, Blazimir"]
[Result "0-1"]
[WhiteElo "2305"]
[BlackElo "2503"]
[PlyCount "114"]
[EventDate "2017.??.??"]
[WhiteClock "1:30:00"]
[BlackClock "1:30:00"]

1. e4 e6 2. d4 d5 3. Nd2 a6 4. Ngf3 Nf6 5. Bd3 c5 6. dxc5 dxe4 7. Nxe4 Nxe4 8.
Bxe4 Qxd1+ 9. Kxd1 Bxc5 10. Ke2 Nd7 11. Be3 Bxe3 12. Kxe3 Nc5 13. c4 Nxe4 14.
Kxe4 b6 15. Rhd1 Bb7+ 16. Ke3 Ke7 17. Rd4 Rad8 18. Rad1 Rxd4 19. Rxd4 Rc8 20.
g3 f6 21. b3 e5 22. Rd2 Ke6 23. Ne1 h5 24. Nc2 g5 25. a4 f5 26. f4 exf4+ 27.
gxf4 g4 28. Kf2 h4 29. Nd4+ Kf6 30. Ne2 Ke7 31. Nc3 Rd8 32. Nd5+ Bxd5 33. cxd5
Kd6 34. Rc2 a5 35. Re2 Kc5 36. Rc2+ Kd4 37. Rc6 Kxd5 38. Rxb6 Ke4 39. Ke2 Kxf4
40. b4 Re8+ 41. Kf1 Re4 42. bxa5 Rxa4 43. a6 Ke4 44. Kg2 f4 45. Re6+ Kf5 46.
Rb6 h3+ 47. Kf2 Ra2+ 48. Kg1 Ra3 49. Rh6 Ke4 50. Rb6 g3 51. hxg3 fxg3 52. Re6+
Kf5 53. Re1 Rxa6 54. Rb1 Rd6 55. Rb5+ Ke4 56. Rb4+ Ke3 57. Rb1 Ke2 0-1

[Event "Open Bosnjaci"]
[Site "Bosnjaci"]
[Date "2017.01.07"]
[Round "7.5"]
[White "Trbojevic, Mladen"]
[Black "Ascic, Pero"]
[Result "1/2-1/2"]
[WhiteElo "2380"]
[BlackElo "2310"]
[PlyCount "54"]
[EventDate "2017.??.??"]
[WhiteClock "1:30:00"]
[BlackClock "1:30:00"]

1. e4 e5 2. Nf3 Nc6 3. Bb5 a6 4. Ba4 Nf6 5. O-O Be7 6. Re1 b5 7. Bb3 O-O 8. d4
d6 9. c3 Bb7 10. Nbd2 Nd7 11. Nf1 Bf6 12. Ne3 exd4 13. cxd4 Na5 14. Bc2 c5 15.
dxc5 dxc5 16. Nd5 Nc4 17. Rb1 Nde5 18. b3 Bxd5 19. exd5 Nxf3+ 20. Qxf3 Nd6 21.
Bf4 Qd7 22. Re3 Rfe8 23. Rbe1 g6 24. h3 Bg7 25. Qg4 Qxg4 26. hxg4 Bf8 27. Bd3
Red8 1/2-1/2

[Event "Open Bosnjaci"]
[Site "Bosnjaci"]
[Date "2017.01.07"]
[Round "7.6"]
[White "Stankovic, Milos"]
[Black "Stocko, Josip"]
[Result "1/2-1/2"]
[WhiteElo "2376"]
[BlackElo "2300"]
[PlyCount "65"]
[EventDate "2017.??.??"]
[WhiteClock "1:29:00"]
[BlackClock "1:30:00"]

1. e4 c5 2. Nf3 d6 3. d4 cxd4 4. Qxd4 a6 5. c4 Nf6 6. h3 h6 7. Be2 e5 8. Qe3
Be7 9. O-O Qc7 10. Nc3 Be6 11. b3 O-O 12. Rd1 Nbd7 13. Ba3 Rfc8 14. Rac1 Qb8
15. Bf1 Ne8 16. Qe1 Bd8 17. Nd5 b5 18. Qb4 Bxd5 19. Rxd5 bxc4 20. Bxc4 Qxb4 21.
Bxb4 Nb6 22. Rdd1 Nxc4 23. Rxc4 Rxc4 24. bxc4 Bb6 25. Rd2 Rc8 26. Bxd6 Rxc4 27.
Bxe5 Rxe4 28. Rb2 Bc7 29. Bxc7 Nxc7 30. Rb8+ Kh7 31. Rb7 Rc4 32. Ne5 Rc1+ 33.
Kh2 1/2-1/2

[Event "Open Bosnjaci"]
[Site "Bosnjaci"]
[Date "2017.01.07"]
[Round "7.7"]
[White "Colovic, Dusan"]
[Black "Zovko, Mario"]
[Result "1/2-1/2"]
[WhiteElo "2370"]
[BlackElo "2309"]
[PlyCount "20"]
[EventDate "2017.??.??"]
[WhiteClock "1:30:00"]
[BlackClock "1:30:00"]

1. e4 c6 2. d4 d5 3. e5 Bf5 4. Nd2 e6 5. Nb3 Nd7 6. Nf3 Ne7 7. Be2 Bg6 8. O-O
Nf5 9. c3 h6 10. a4 a5 1/2-1/2

[Event "Open Bosnjaci"]
[Site "Bosnjaci"]
[Date "2017.01.07"]
[Round "7.8"]
[White "Levacic, Patrick"]
[Black "Mrkonjic, Nenad"]
[Result "1/2-1/2"]
[WhiteElo "2291"]
[BlackElo "2360"]
[PlyCount "45"]
[EventDate "2017.??.??"]
[WhiteClock "1:28:00"]
[BlackClock "1:30:00"]

1. e4 e5 2. Nf3 Nc6 3. Bc4 Bc5 4. O-O d6 5. c3 Qe7 6. a4 a5 7. d4 Bb6 8. Bb5
Bd7 9. Na3 Nf6 10. Bg5 h6 11. Bxf6 Qxf6 12. Nc4 exd4 13. Nxb6 cxb6 14. Nxd4 O-O
15. Nc2 Rfe8 16. f3 Qe5 17. Ne3 Qc5 18. Re1 Be6 19. Kh1 Kf8 20. Qd2 Re7 21. f4
f6 22. Qd3 Rd8 23. Rad1 1/2-1/2

[Event "Open Bosnjaci"]
[Site "Bosnjaci"]
[Date "2017.01.07"]
[Round "7.9"]
[White "Vajic, Goran"]
[Black "Rosic, Slavko S"]
[Result "0-1"]
[WhiteElo "2310"]
[BlackElo "2239"]
[PlyCount "66"]
[EventDate "2017.??.??"]
[WhiteClock "1:30:00"]
[BlackClock "1:30:00"]

1. e4 c5 2. Nc3 Nc6 3. f4 e6 4. Nf3 d5 5. Bb5 Qd6 6. d3 a6 7. Bxc6+ Qxc6 8. O-O
Nf6 9. Ne5 Qc7 10. Qf3 Qd8 11. Ng4 Nxg4 12. Qxg4 d4 13. Ne2 f5 14. Qf3 Be7 15.
c3 dxc3 16. bxc3 O-O 17. Rd1 Bd7 18. Ng3 Ba4 19. Rd2 Bc6 20. Qe3 Qd7 21. Ba3
Rac8 22. Re1 fxe4 23. dxe4 Qc7 24. e5 b6 25. c4 Rcd8 26. Ree2 Rxd2 27. Rxd2 Rd8
28. Bc1 Rd4 29. f5 exf5 30. Rf2 g6 31. Bb2 Rd1+ 32. Rf1 Qd8 33. Qc3 Rd3 0-1

[Event "Open Bosnjaci"]
[Site "Bosnjaci"]
[Date "2017.01.07"]
[Round "7.10"]
[White "Pavic, Filip"]
[Black "Lazor, Vladimir"]
[Result "1/2-1/2"]
[WhiteElo "2269"]
[BlackElo "2200"]
[PlyCount "85"]
[EventDate "2017.??.??"]
[WhiteClock "1:30:00"]
[BlackClock "1:30:00"]

1. e4 d6 2. d4 g6 3. Nc3 Bg7 4. Nf3 Nf6 5. Be2 O-O 6. O-O Nc6 7. h3 e5 8. dxe5
dxe5 9. Bg5 Be6 10. Qc1 Qe7 11. Rd1 Rfd8 12. Nd5 Bxd5 13. exd5 Nd4 14. Nxd4
exd4 15. Bf3 Qc5 16. Qd2 h6 17. Bxf6 Bxf6 18. Qxh6 Qb6 19. h4 Bg7 20. Qd2 Qf6
21. Qg5 Rac8 22. Qxf6 Bxf6 23. g3 c6 24. dxc6 bxc6 25. Be2 Rb8 26. Rab1 d3 27.
Bxd3 Rxb2 28. Rxb2 Bxb2 29. Re1 Kf8 30. Kg2 Bd4 31. Rb1 Rd7 32. Kf3 Rd6 33. Kg2
Bb6 34. Rb4 Kg7 35. Rc4 c5 36. Re4 f5 37. Rf4 Kh6 38. g4 fxg4 39. Rxg4 Rf6 40.
f4 Bc7 41. Kf3 Ba5 42. f5 gxf5 43. Rg5 1/2-1/2

[Event "Open Bosnjaci"]
[Site "Bosnjaci"]
[Date "2017.01.07"]
[Round "7.11"]
[White "Jerkovic, Maroje"]
[Black "Dizdarevic, Emir"]
[Result "0-1"]
[WhiteElo "2060"]
[BlackElo "2463"]
[PlyCount "72"]
[EventDate "2017.??.??"]
[WhiteClock "1:28:00"]
[BlackClock "1:30:00"]

1. f4 g6 2. e4 d5 3. e5 Bg7 4. d4 Nh6 5. Nf3 O-O 6. Be3 f6 7. h3 c5 8. dxc5 Nc6
9. Nc3 e6 10. Qd2 fxe5 11. fxe5 Nf7 12. O-O-O b6 13. Be2 Qe7 14. Nxd5 exd5 15.
Qxd5 Ncxe5 16. Qxa8 Bb7 17. Qxa7 Nxf3 18. Rd3 N3e5 19. Rb3 Ra8 20. Qxb6 Bxg2
21. Rd1 Rxa2 22. Kb1 Ra8 23. Bb5 h5 24. c6 Rc8 25. Ba6 Rxc6 26. Qb8+ Kh7 27.
Bb7 Bf3 28. Rf1 Rf6 29. Re1 Qd7 30. Bc8 Qa4 31. Rb4 Qa5 32. Bd2 Qd8 33. Bg5
Nxg5 34. Rxe5 Rc6 35. Rxg5 Qxg5 36. Bb7 Rb6 0-1

[Event "Open Bosnjaci"]
[Site "Bosnjaci"]
[Date "2017.01.07"]
[Round "7.12"]
[White "Leventic, Ivan"]
[Black "Blagojevic, Marijan"]
[Result "1-0"]
[WhiteElo "2424"]
[BlackElo "2137"]
[PlyCount "89"]
[EventDate "2017.??.??"]
[WhiteClock "1:30:00"]
[BlackClock "1:30:00"]

1. e4 c5 2. Nf3 d6 3. d4 cxd4 4. Nxd4 Nf6 5. f3 a6 6. c4 e6 7. Nc3 Be7 8. Be3
Nc6 9. Be2 Nxd4 10. Qxd4 O-O 11. O-O Bd7 12. Rfd1 Qc7 13. Qd2 Rfd8 14. Bf1 Rac8
15. Qf2 Qb8 16. Ba7 Qa8 17. Bb6 Rf8 18. a4 Be8 19. Bd4 Nd7 20. Qg3 g6 21. Be3
Qb8 22. Bh6 Ne5 23. b3 Bf6 24. Bxf8 Kxf8 25. Rac1 Kg8 26. Kh1 Qc7 27. f4 Nd7
28. b4 Bg7 29. Qd3 Bh6 30. g3 Bf8 31. Qd4 Nb8 32. Qd2 Nc6 33. Nb5 axb5 34. cxb5
Qb8 35. bxc6 Bxc6 36. Qc2 f5 37. Bg2 fxe4 38. b5 Bd7 39. Qxe4 d5 40. Qe5 Rxc1
41. Rxc1 Bd6 42. Qf6 Qf8 43. Qd4 Qg7 44. Qb6 Qb2 45. Rf1 1-0

[Event "Open Bosnjaci"]
[Site "Bosnjaci"]
[Date "2017.01.07"]
[Round "7.13"]
[White "Plenkovic, Zdenko"]
[Black "Tomas, Ante"]
[Result "1-0"]
[WhiteElo "2421"]
[BlackElo "2115"]
[PlyCount "89"]
[EventDate "2017.??.??"]
[WhiteClock "1:29:00"]
[BlackClock "1:30:00"]

1. g3 Nf6 2. Bg2 g6 3. d4 d6 4. c4 Bg7 5. Nc3 O-O 6. e4 e5 7. d5 a5 8. Nge2 Na6
9. O-O Nc5 10. b3 Ng4 11. f3 Nh6 12. Be3 f5 13. Qd2 Nf7 14. Rab1 g5 15. exf5
Bxf5 16. Ne4 b6 17. N2c3 h6 18. a3 Qd7 19. b4 axb4 20. axb4 Nxe4 21. fxe4 Bh3
22. Ra1 Bxg2 23. Kxg2 Rfb8 24. Ra2 Nh8 25. Rfa1 Qc8 26. Rxa8 Rxa8 27. Rxa8 Qxa8
28. Nb5 Qc8 29. Qf2 Qa6 30. Qe2 Qc8 31. Qf1 Qg4 32. Qf3 Qc8 33. Bd2 Qa6 34. h3
Nf7 35. Qf1 Qb7 36. Be1 Qc8 37. Qf5 Qa6 38. Bf2 Qa4 39. Qc8+ Kh7 40. Qxc7 Kg8
41. Nxd6 Nxd6 42. Qxd6 Qc2 43. Qe6+ Kh8 44. Qc8+ Kh7 45. Qf5+ 1-0

[Event "Open Bosnjaci"]
[Site "Bosnjaci"]
[Date "2017.01.07"]
[Round "7.14"]
[White "Abdil, Halil"]
[Black "Ljikar, Zoran"]
[Result "0-1"]
[WhiteElo "2100"]
[BlackElo "2211"]
[PlyCount "94"]
[EventDate "2017.??.??"]
[WhiteClock "1:10:00"]
[BlackClock "1:30:00"]

1. e4 c5 2. Nf3 e6 3. d4 cxd4 4. Nxd4 Nc6 5. Nc3 Qc7 6. g3 a6 7. Bg2 h5 8. h3
Nge7 9. Be3 Ng6 10. O-O h4 11. g4 Nf4 12. Qd2 Nxg2 13. Kxg2 b5 14. Nxc6 Qxc6
15. f3 Be7 16. Rfe1 Bb7 17. Bf4 Rc8 18. Re2 b4 19. Nd1 O-O 20. Ne3 a5 21. Rd1
Rfd8 22. b3 Bf6 23. Qd6 Qb5 24. Nc4 Rc6 25. Qd3 Ba6 26. e5 Be7 27. Red2 Qb8 28.
Qe4 Qc7 29. Nd6 Bxd6 30. exd6 Qb8 31. Bg5 Rdc8 32. Bxh4 Rc3 33. Rf2 Bb7 34. Qe2
Qa7 35. Rd2 Re3 36. Qd1 Rcc3 37. Rd3 Rcxd3 38. cxd3 Qd4 39. Bg5 Rxd3 40. Rd2
Bxf3+ 41. Qxf3 Rxd2+ 42. Bxd2 Qxd2+ 43. Kg3 Qxd6+ 44. Kh4 Qe5 45. g5 f6 46.
Qa8+ Kf7 47. gxf6 Qf4+ 0-1

[Event "Open Bosnjaci"]
[Site "Bosnjaci"]
[Date "2017.01.07"]
[Round "7.15"]
[White "Tomulic, Teo"]
[Black "Bogdanic, Katarina"]
[Result "1-0"]
[WhiteElo "2209"]
[BlackElo "1909"]
[PlyCount "119"]
[EventDate "2017.??.??"]
[WhiteClock "1:30:00"]
[BlackClock "1:30:00"]

1. e4 c5 2. b4 cxb4 3. Bb2 d5 4. exd5 Qxd5 5. Nf3 Nf6 6. c4 Qa5 7. a3 Bg4 8.
Be2 Nc6 9. O-O g6 10. d4 Bg7 11. d5 Rd8 12. Qb3 Nb8 13. axb4 Qc7 14. Rxa7 Na6
15. Be5 Qb6 16. Bd4 Qxb4 17. Qxb4 Nxb4 18. Rxb7 Na6 19. c5 Bc8 20. Bxa6 Bxb7
21. Bxb7 O-O 22. Bxf6 Bxf6 23. c6 Rxd5 24. c7 Rc5 25. c8=Q Rcxc8 26. Bxc8 Rxc8
27. Rd1 Bb2 28. Kf1 Rc1 29. Rxc1 Bxc1 30. Ke2 Kg7 31. Nbd2 Bxd2 32. Kxd2 Kf6
33. Ke3 Kf5 34. h3 h5 35. Nd4+ Ke5 36. f4+ Kd5 37. Nf3 Ke6 38. Ke4 Kf6 39. Ng5
e6 40. Nf3 Ke7 41. Ke5 f6+ 42. Kd4 Kd6 43. Nh4 g5 44. fxg5 fxg5 45. Nf3 g4 46.
hxg4 hxg4 47. Nh2 g3 48. Nf1 e5+ 49. Ke4 Ke6 50. Nxg3 Kf6 51. Nh5+ Kg5 52. Kxe5
Kxh5 53. Kf4 Kg6 54. Kg4 Kf6 55. Kh5 Kf7 56. Kh6 Kf8 57. g4 Kf7 58. g5 Kf8 59.
g6 Kg8 60. g7 1-0

[Event "Open Bosnjaci"]
[Site "Bosnjaci"]
[Date "2017.01.07"]
[Round "7.16"]
[White "Berke, Ana"]
[Black "Levacic, Matej"]
[Result "1-0"]
[WhiteElo "2195"]
[BlackElo "1643"]
[PlyCount "33"]
[EventDate "2017.??.??"]
[WhiteClock "1:22:00"]
[BlackClock "1:30:00"]

1. e4 c6 2. d4 d5 3. exd5 cxd5 4. c4 Nf6 5. Nc3 Nc6 6. Bg5 dxc4 7. Bxc4 Qxd4 8.
Qxd4 Nxd4 9. O-O-O e5 10. f4 Bd6 11. Nf3 Bg4 12. fxe5 Bxf3 13. gxf3 Bxe5 14. f4
Bxf4+ 15. Bxf4 Ne6 16. Bd6 a6 17. Rhe1 1-0

[Event "Open Bosnjaci"]
[Site "Bosnjaci"]
[Date "2017.01.07"]
[Round "7.17"]
[White "Pasalic, Adnan"]
[Black "Babic, Zvonko"]
[Result "0-1"]
[WhiteElo "2007"]
[BlackElo "2162"]
[PlyCount "88"]
[EventDate "2017.??.??"]
[WhiteClock "1:10:00"]
[BlackClock "1:30:00"]

1. d4 Nf6 2. c4 g6 3. Nc3 Bg7 4. Nf3 O-O 5. Bg5 d6 6. e3 Nbd7 7. Be2 c6 8. O-O
h6 9. Bh4 g5 10. Bg3 Nh5 11. Qc2 Nxg3 12. hxg3 e5 13. Rfd1 Qe7 14. dxe5 dxe5
15. Rd2 Nc5 16. Rad1 Bg4 17. b4 Na6 18. a3 Rad8 19. c5 Nc7 20. Rd6 Be6 21. Qd2
Ra8 22. e4 Rfc8 23. Nh2 Ne8 24. Rd3 Nf6 25. Nf1 a5 26. Ne3 axb4 27. axb4 b6 28.
cxb6 Rcb8 29. Rd6 Rxb6 30. b5 Qb7 31. Rd8+ Bf8 32. Rxa8 Qxa8 33. Nc4 Bxc4 34.
Bxc4 cxb5 35. Bxb5 Bb4 36. Qe3 Qa5 37. Rd8+ Kg7 38. g4 Rxb5 39. Nxb5 Qa1+ 40.
Kh2 Nxg4+ 41. Kg3 Nxe3 42. fxe3 Qf1 43. Nd6 Bxd6 44. Rxd6 Qe2 0-1

[Event "Open Bosnjaci"]
[Site "Bosnjaci"]
[Date "2017.01.07"]
[Round "7.18"]
[White "Medic, Mirjana"]
[Black "Samblic, Silvano"]
[Result "1-0"]
[WhiteElo "2147"]
[BlackElo "1959"]
[PlyCount "47"]
[EventDate "2017.??.??"]
[WhiteClock "1:30:00"]
[BlackClock "1:30:00"]

1. d4 d5 2. Nf3 e6 3. c4 Nf6 4. Nc3 a6 5. cxd5 Nxd5 6. e4 Nxc3 7. bxc3 c5 8.
Bd3 cxd4 9. cxd4 Bb4+ 10. Bd2 Bxd2+ 11. Qxd2 O-O 12. O-O Nc6 13. Qe3 b5 14.
Rfd1 Nb4 15. Bb1 Bb7 16. a3 Qa5 17. Qb3 Nc6 18. d5 exd5 19. exd5 Ne7 20. d6 Ng6
21. Bxg6 hxg6 22. Ne5 Be4 23. Qe3 Bf5 24. Nc6 1-0

[Event "Open Bosnjaci"]
[Site "Bosnjaci"]
[Date "2017.01.07"]
[Round "7.19"]
[White "Ikica, Ante"]
[Black "Cvitan, Ena"]
[Result "0-1"]
[WhiteElo "1958"]
[BlackElo "2139"]
[PlyCount "118"]
[EventDate "2017.??.??"]
[WhiteClock "1:25:00"]
[BlackClock "1:30:00"]

1. Nf3 d5 2. c4 e6 3. g3 Nf6 4. Bg2 Be7 5. O-O O-O 6. a3 dxc4 7. Qc2 a6 8. Ne5
c5 9. Qxc4 b5 10. Qc2 Ra7 11. d3 Bb7 12. Nf3 Bxf3 13. Bxf3 Nbd7 14. Bg2 Rc7 15.
b3 Nd5 16. e4 N5b6 17. Bf4 e5 18. Be3 Nf6 19. Nd2 Ng4 20. Rfd1 Nxe3 21. fxe3
Qd6 22. Rac1 Qh6 23. Nf1 Bg5 24. Qe2 Rfc8 25. h4 Be7 26. Bh3 Rd8 27. Nh2 Qg6
28. Kf2 Rb7 29. Nf3 Qd6 30. Kg2 Qb8 31. Kh2 Re8 32. Qb2 Bf8 33. Kg2 c4 34. Bg4
cxb3 35. Qxb3 Qd6 36. Qc3 Na4 37. Qc6 Qxc6 38. Rxc6 Bxa3 39. Rxa6 Bf8 40. d4
Nc3 41. Rd3 exd4 42. exd4 Nxe4 43. Ne5 Nd6 44. Bd1 Nc4 45. Nxc4 bxc4 46. Rc3
Rb2+ 47. Kh3 g6 48. h5 g5 49. Ra5 h6 50. Ra4 f5 51. g4 Bd6 52. gxf5 Rh2+ 53.
Kg4 Re4+ 54. Kf3 Rf4+ 55. Ke3 Rh3+ 56. Kd2 Rxd4+ 57. Kc2 Rh2+ 58. Kc1 Bf4+ 59.
Kb1 Rxd1+ 0-1

[Event "Open Bosnjaci"]
[Site "Bosnjaci"]
[Date "2017.01.07"]
[Round "7.20"]
[White "Aleksic, Neven"]
[Black "Nikic, Patrick"]
[Result "1-0"]
[WhiteElo "2112"]
[BlackElo "1975"]
[PlyCount "67"]
[EventDate "2017.??.??"]
[WhiteClock "1:30:00"]
[BlackClock "1:30:00"]

1. d4 Nf6 2. c4 e6 3. Nf3 Bb4+ 4. Bd2 Qe7 5. g3 Bxd2+ 6. Nbxd2 d6 7. e4 e5 8.
d5 O-O 9. Bg2 a5 10. O-O Na6 11. Ne1 Nc5 12. b3 Bd7 13. a3 b5 14. b4 axb4 15.
axb4 Na4 16. Qc2 Ra6 17. Nd3 Rfa8 18. Nb3 Qd8 19. c5 g6 20. Na5 Qc8 21. Rfc1
Bh3 22. Bh1 h5 23. cxd6 cxd6 24. Qxc8+ Bxc8 25. f4 Nd7 26. Rc7 Nab6 27. Rac1
Kf8 28. Bg2 exf4 29. gxf4 Nf6 30. R7c6 Ke7 31. e5 dxe5 32. fxe5 Ng4 33. d6+ Kd8
34. Rxb6 1-0

[Event "Open Bosnjaci"]
[Site "Bosnjaci"]
[Date "2017.01.08"]
[Round "8.1"]
[White "Jovanovic, Zoran"]
[Black "Rosic, Slavko S"]
[Result "1/2-1/2"]
[WhiteElo "2526"]
[BlackElo "2239"]
[PlyCount "90"]
[EventDate "2017.??.??"]
[WhiteClock "1:30:00"]
[BlackClock "1:30:00"]

1. e4 c5 2. Nc3 g6 3. d4 cxd4 4. Qxd4 Nf6 5. Nf3 Nc6 6. Qa4 d6 7. e5 dxe5 8.
Nxe5 Bd7 9. Nxd7 Qxd7 10. Be3 Bg7 11. Rd1 Qf5 12. Ba6 Qc8 13. Be2 O-O 14. O-O
a6 15. Qb3 Qc7 16. Nd5 Nxd5 17. Rxd5 e6 18. Bb6 Qf4 19. g3 Qf6 20. Rd7 Qxb2 21.
Qxb2 Bxb2 22. Rb1 Be5 23. Kf1 Rac8 24. Rxb7 Nd4 25. Bxa6 Rxc2 26. a4 Ra2 27. a5
Nc6 28. Be2 Nxa5 29. Ra7 Bc3 30. Rb5 Rc8 31. Rb1 Rb8 32. Bd3 Kg7 33. Rc7 Be5
34. Rcc1 Ra3 35. Rd1 Nb3 36. Be3 Rd8 37. Bc2 Rxd1+ 38. Bxd1 Nd4 39. Rc1 Nf5 40.
Bc5 Ra1 41. Rxa1 Bxa1 42. Bc2 h5 43. h3 Bb2 44. g4 hxg4 45. hxg4 Nd4 1/2-1/2

[Event "Open Bosnjaci"]
[Site "Bosnjaci"]
[Date "2017.01.08"]
[Round "8.2"]
[White "Kovacevic, Blazimir"]
[Black "Tica, Sven"]
[Result "1/2-1/2"]
[WhiteElo "2503"]
[BlackElo "2352"]
[PlyCount "57"]
[EventDate "2017.??.??"]
[WhiteClock "1:30:00"]
[BlackClock "1:30:00"]

1. c4 e6 2. g3 d5 3. Bg2 Nf6 4. Nf3 Be7 5. O-O O-O 6. d4 c6 7. Nc3 b6 8. Ne5
Bb7 9. e4 Nbd7 10. Nxc6 Bxc6 11. exd5 exd5 12. cxd5 Bb7 13. d6 Bxg2 14. dxe7
Qxe7 15. Kxg2 Rfd8 16. Be3 Ne5 17. Qe2 Qb7+ 18. f3 Nc6 19. Rad1 Rd7 20. Rd2 Re8
21. Qf2 Nb4 22. Bg5 Nfd5 23. Re1 Rxe1 24. Qxe1 h6 25. Qe8+ Kh7 26. Qe4+ Kg8 27.
Qe8+ Kh7 28. Qe4+ Kg8 29. Qe8+ 1/2-1/2